[Event "Kupreichik Memorial Open 2018"]
[Site "Minsk"]
[Date "2018.06.22"]
[Round "5"]
[White "Zagorskii, Artem"]
[Black "Shaban, Alena"]
[Result "1/2-1/2"]
[WhiteElo "1705"]
[BlackElo "2027"]
[Annotator "NA"]
[PlyCount "107"]
[EventDate "2018.06.21"]
[EventCountry "BLR"]
[SourceTitle "playchess.com"]
[Source "ChessBase"]
[SourceQuality "1"]
[TimeControl "900+10"]

1. e4 {[%emt 0:00:00]} Nf6 {[%emt 0:00:05]} 2. e5 {[%emt 0:00:17]} Nd5 {[%emt 0:00:01]} 3. d4 {[%emt 0:00:05]} d6 {[%emt 0:00:01]} 4. Nf3 {[%emt 0:00:09]} Nc6 {[%emt 0:00:08]} 5. Be2 {[%emt 0:01:02]} g6 {[%emt 0:00:03]} 6. h3 {[%emt 0:01:21]} Bg7 {[%emt 0:00:04]} 7. exd6 {[%emt 0:00:02]} cxd6 {[%emt 0:00:03]} 8. O-O {[%emt 0:00:13]} O-O {[%emt 0:00:03]} 9. c4 {[%emt 0:00:31]} Nb6 {[%emt 0:00:02]} 10. Nc3 {[%emt 0:00:25]} Bf5 {[%emt 0:00:53]} 11. Be3 {[%emt 0:01:32]} d5 {[%emt 0:00:01]} 12. c5 {[%emt 0:00:58]} Nc8 {[%emt 0:00:17]} 13. Qb3 {[%emt 0:00:47]} e5 {[%emt 0:02:48]} 14. Rad1 {[%emt 0:05:29]} e4 {[%emt 0:00:59]} 15. Nh2 {[%emt 0:00:02]} N8e7 {[%emt 0:00:48]} 16. Ng4 {[%emt 0:00:01]} Bxg4 {[%emt 0:01:47]} 17. Bxg4 {[%emt 0:00:05]} f5 {[%emt 0:00:31]} 18. Be2 {[%emt 0:00:06]} f4 {[%emt 0:00:03]} 19. Bc1 {[%emt 0:01:08]} f3 {[%emt 0:00:36]} 20. Bb5 {[%emt 0:00:43]} Nxd4 {[%emt 0:00:10]} 21. Qa4 {[%emt 0:00:08]} fxg2 {[%emt 0:01:10]} 22. Kxg2 {[%emt 0:00:15]} Nef5 {[%emt 0:01:33]} 23. Nxd5 {[%emt 0:01:24]} Qc8 {[%emt 0:03:30]} 24. Nf4 {[%emt 0:02:01]} Qxc5 {[%emt 0:00:53]} 25. Qc4+ {[%emt 0:00:10]} Qxc4 {[%emt 0:00:07]} 26. Bxc4+ {[%emt 0:00:02]} Kh8 {[%emt 0:00:02]} 27. Rfe1 {[%emt 0:00:12]} Nh4+ {[%emt 0:00:11]} 28. Kh1 {[%emt 0:00:19]} Rae8 {[%emt 0:00:32]} 29. Bd5 {[%emt 0:00:00]} g5 {[%emt 0:00:26]} 30. Nh5 {[%emt 0:00:01]} Be5 {[%emt 0:00:52]} 31. Rxe4 {[%emt 0:00:26]} Rxf2 {[%emt 0:00:14]} 32. Ng3 {[%emt 0:00:09]} Nhf3 {[%emt 0:00:18]} 33. Nf1 Rc8 {[%emt 0:00:44]} 34. Be3 {[%emt 0:00:02]} Rxb2 {[%emt 0:00:09]} 35. Rxe5 {[%emt 0:00:22]} Rcc2 {[%emt 0:00:17]} 36. Bxf3 Nxf3 {[%emt 0:00:07]} 37. Re8+ {[%emt 0:00:14]} Kg7 {[%emt 0:00:02]} 38. Bd4+ {[%emt 0:00:05]} Nxd4 {[%emt 0:00:11]} 39. Rxd4 Rf2 {[%emt 0:00:11]} 40. Re1 {[%emt 0:00:13]} Rxa2 {[%emt 0:00:04]} 41. Rd7+ {[%emt 0:00:01]} Rf7 {[%emt 0:00:03]} 42. Ree7 {[%emt 0:00:06]} Rxe7 {[%emt 0:00:14]} 43. Rxe7+ Kg6 {[%emt 0:00:01]} 44. Rxb7 {[%emt 0:00:02]} h5 {[%emt 0:00:01]} 45. Ne3 {[%emt 0:00:17]} Ra3 {[%emt 0:00:04]} 46. Re7 {[%emt 0:00:08]} Kf6 {[%emt 0:00:21]} 47. Re8 {[%emt 0:00:18]} a5 {[%emt 0:00:05]} 48. Kg2 {[%emt 0:00:06]} a4 {[%emt 0:00:24]} 49. Kf3 {[%emt 0:00:11]} g4+ {[%emt 0:00:29]} 50. hxg4 {[%emt 0:00:03]} hxg4+ {[%emt 0:00:01]} 51. Kxg4 {[%emt 0:00:01]} Ra1 {[%emt 0:00:01]} 52. Ra8 {[%emt 0:00:04]} Ke5 {[%emt 0:00:05]} 53. Kf3 {[%emt 0:00:06]} Ra2 {[%emt 0:00:13]} 54. Rd8 {[%emt 0:00:52]} 1/2-1/2

[Event "Kupreichik Memorial Open 2018"]
[Site "Minsk"]
[Date "2018.06.22"]
[Round "5"]
[White "Beliuga, Mikhail"]
[Black "Maslak, Alexander"]
[Result "1-0"]
[WhiteElo "1699"]
[BlackElo "2127"]
[Annotator "NA"]
[PlyCount "59"]
[EventDate "2018.06.21"]
[EventCountry "BLR"]
[SourceTitle "playchess.com"]
[Source "ChessBase"]
[SourceQuality "1"]
[TimeControl "900+10"]

1. Nf3 {[%emt 0:00:00]} g6 {[%emt 0:00:04]} 2. d4 {[%emt 0:00:13]} Nf6 {[%emt 0:00:04]} 3. c4 {[%emt 0:00:07]} Bg7 {[%emt 0:00:02]} 4. g3 {[%emt 0:00:02]} O-O {[%emt 0:00:03]} 5. Bg2 {[%emt 0:00:00]} d6 {[%emt 0:00:03]} 6. O-O {[%emt 0:00:10]} Nc6 {[%emt 0:00:03]} 7. Nc3 {[%emt 0:00:21]} Bf5 {[%emt 0:00:27]} 8. Nh4 {[%emt 0:01:01]} Bd7 {[%emt 0:00:06]} 9. e4 {[%emt 0:00:51]} Na5 {[%emt 0:00:23]} 10. Qd3 {[%emt 0:00:47]} c5 {[%emt 0:00:04]} 11. d5 {[%emt 0:00:38]} a6 {[%emt 0:00:11]} 12. f4 {[%emt 0:00:32]} b5 {[%emt 0:00:21]} 13. b3 {[%emt 0:00:14]} b4 {[%emt 0:00:22]} 14. Ne2 {[%emt 0:02:20]} Nxe4 {[%emt 0:00:39]} 15. Bxe4 {[%emt 0:00:03]} Bxa1 {[%emt 0:00:02]} 16. f5 {[%emt 0:00:04]} Bg7 {[%emt 0:00:16]} 17. Nf4 {[%emt 0:03:35]} Bd4+ {[%emt 0:08:07]} 18. Be3 {[%emt 0:01:30]} Bxe3+ {[%emt 0:00:17]} 19. Qxe3 {[%emt 0:00:01]} g5 {[%emt 0:02:11]} 20. f6 {[%emt 0:00:01]} Kh8 {[%emt 0:00:47]} 21. Nhg6+ {[%emt 0:03:44]} fxg6 {[%emt 0:00:21]} 22. Nxg6+ {[%emt 0:00:02]} hxg6 {[%emt 0:00:30]} 23. Qxg5 {[%emt 0:00:09]} Rf7 {[%emt 0:02:48]} 24. Bxg6 {[%emt 0:02:17]} Qg8 {[%emt 0:00:03]} 25. Rf4 {[%emt 0:00:02]} Rh7 {[%emt 0:00:10]} 26. f7 {[%emt 0:00:15]} Qg7 {[%emt 0:00:10]} 27. Qxe7 {[%emt 0:00:14]} Rf8 {[%emt 0:00:39]} 28. Bxh7 {[%emt 0:00:07]} Bh3 {[%emt 0:00:22]} 29. Bb1 {[%emt 0:00:11]} Nb7 30. Rh4+ {[%emt 0:00:05]} 1-0

[Event "Kupreichik Memorial Open 2018"]
[Site "Minsk"]
[Date "2018.06.22"]
[Round "5"]
[White "Tsvetkova, Vladislava"]
[Black "Kruglikova, Viktorija"]
[Result "1-0"]
[WhiteElo "1697"]
[BlackElo "1839"]
[Annotator "NA"]
[PlyCount "45"]
[EventDate "2018.06.21"]
[EventCountry "BLR"]
[SourceTitle "playchess.com"]
[Source "ChessBase"]
[SourceQuality "1"]
[TimeControl "900+10"]

1. e4 {[%emt 0:00:00]} c5 {[%emt 0:00:01]} 2. Nf3 {[%emt 0:00:00]} Nc6 {[%emt 0:00:01]} 3. d4 {[%emt 0:00:00]} cxd4 {[%emt 0:00:04]} 4. Nxd4 {[%emt 0:00:00]} e6 {[%emt 0:00:04]} 5. g3 {[%emt 0:00:39]} Nf6 {[%emt 0:00:05]} 6. Bg2 {[%emt 0:00:02]} Qb6 {[%emt 0:00:44]} 7. Nxc6 {[%emt 0:00:24]} dxc6 {[%emt 0:00:23]} 8. O-O {[%emt 0:00:17]} Bc5 {[%emt 0:00:01]} 9. Nc3 {[%emt 0:00:14]} Bb4 {[%emt 0:00:17]} 10. Be3 {[%emt 0:00:54]} Qc7 {[%emt 0:00:06]} 11. Qd4 {[%emt 0:00:35]} Be7 {[%emt 0:00:55]} 12. e5 {[%emt 0:03:23]} Nd5 {[%emt 0:00:08]} 13. Nxd5 {[%emt 0:00:20]} cxd5 {[%emt 0:00:02]} 14. c4 {[%emt 0:01:27]} Qxc4 {[%emt 0:01:04]} 15. Qxc4 {[%emt 0:00:16]} dxc4 {[%emt 0:00:01]} 16. Rac1 {[%emt 0:00:12]} Bd7 {[%emt 0:01:11]} 17. Bxb7 {[%emt 0:01:44]} Rb8 {[%emt 0:00:03]} 18. Bg2 {[%emt 0:00:59]} Rxb2 {[%emt 0:00:12]} 19. Rxc4 {[%emt 0:00:47]} Rxa2 {[%emt 0:02:43]} 20. Rd1 {[%emt 0:01:34]} Rf8 {[%emt 0:01:45]} 21. Rc7 {[%emt 0:00:59]} Bb5 {[%emt 0:02:06]} 22. Rc8+ {[%emt 0:00:08]} Bd8 {[%emt 0:00:01]} 23. Rdxd8+ 1-0

[Event "Kupreichik Memorial Open 2018"]
[Site "Minsk"]
[Date "2018.06.22"]
[Round "5"]
[White "Ivanytska, Liudmyla"]
[Black "Tkachou, Viktar"]
[Result "0-1"]
[WhiteElo "1655"]
[BlackElo "1791"]
[Annotator "NA"]
[PlyCount "114"]
[EventDate "2018.06.21"]
[EventCountry "BLR"]
[SourceTitle "playchess.com"]
[Source "ChessBase"]
[SourceQuality "1"]
[TimeControl "900+10"]

1. e4 {[%emt 0:00:00]} c5 {[%emt 0:00:01]} 2. Nf3 {[%emt 0:00:00]} e6 {[%emt 0:00:02]} 3. d4 {[%emt 0:00:00]} cxd4 {[%emt 0:00:02]} 4. Nxd4 {[%emt 0:00:00]} a6 {[%emt 0:00:02]} 5. a3 {[%emt 0:00:02]} d6 {[%emt 0:00:07]} 6. Nc3 {[%emt 0:00:03]} Nf6 {[%emt 0:00:05]} 7. Be2 {[%emt 0:00:01]} Be7 {[%emt 0:00:07]} 8. Bf3 {[%emt 0:00:01]} O-O {[%emt 0:00:11]} 9. O-O {[%emt 0:00:03]} Qc7 {[%emt 0:00:20]} 10. Re1 {[%emt 0:00:06]} Nc6 {[%emt 0:00:27]} 11. Nxc6 {[%emt 0:00:05]} bxc6 {[%emt 0:00:03]} 12. Qe2 {[%emt 0:00:15]} e5 {[%emt 0:00:32]} 13. g3 {[%emt 0:00:13]} Be6 {[%emt 0:00:57]} 14. Bg2 {[%emt 0:00:17]} h6 {[%emt 0:00:31]} 15. h3 {[%emt 0:00:11]} a5 {[%emt 0:00:42]} 16. Kh1 {[%emt 0:00:02]} Rab8 {[%emt 0:00:22]} 17. b3 {[%emt 0:00:09]} Nh7 {[%emt 0:00:38]} 18. f4 {[%emt 0:00:02]} exf4 {[%emt 0:00:49]} 19. gxf4 {[%emt 0:00:02]} Bf6 {[%emt 0:01:34]} 20. e5 {[%emt 0:00:07]} dxe5 {[%emt 0:00:02]} 21. fxe5 {[%emt 0:00:01]} Bh4 {[%emt 0:00:20]} 22. Rd1 {[%emt 0:00:03]} Rbd8 {[%emt 0:00:39]} 23. Bb2 {[%emt 0:00:13]} Ng5 {[%emt 0:01:10]} 24. Qh5 {[%emt 0:00:42]} Bg3 {[%emt 0:00:09]} 25. Ne4 {[%emt 0:00:05]} Nxe4 {[%emt 0:00:41]} 26. Bxe4 {[%emt 0:00:03]} Bd5 {[%emt 0:00:27]} 27. Bxd5 {[%emt 0:00:14]} Rxd5 {[%emt 0:00:07]} 28. Rxd5 {[%emt 0:00:13]} cxd5 {[%emt 0:00:02]} 29. Rg1 {[%emt 0:00:35]} Qxc2 {[%emt 0:00:58]} 30. Rxg3 {[%emt 0:00:01]} Qxb2 {[%emt 0:00:07]} 31. Qxh6 {[%emt 0:00:12]} Qxe5 {[%emt 0:00:19]} 32. Qe3 {[%emt 0:00:12]} Qe4+ {[%emt 0:00:51]} 33. Kg1 {[%emt 0:00:05]} f5 {[%emt 0:00:42]} 34. Qg5 {[%emt 0:00:10]} Qd4+ {[%emt 0:00:19]} 35. Kf1 {[%emt 0:00:04]} f4 {[%emt 0:00:33]} 36. Rf3 {[%emt 0:00:12]} Qe4 {[%emt 0:00:35]} 37. Kf2 {[%emt 0:00:16]} d4 {[%emt 0:00:14]} 38. Qb5 {[%emt 0:00:33]} Rc8 {[%emt 0:00:44]} 39. Qd3 {[%emt 0:00:20]} Rc2+ {[%emt 0:00:19]} 40. Kf1 {[%emt 0:00:09]} Rc1+ {[%emt 0:00:13]} 41. Kg2 {[%emt 0:00:01]} Qe5 {[%emt 0:02:03]} 42. Qd2 {[%emt 0:00:12]} Qg5+ {[%emt 0:00:21]} 43. Kf2 {[%emt 0:00:01]} Qg1+ {[%emt 0:00:23]} 44. Ke2 {[%emt 0:00:01]} Qg2+ {[%emt 0:00:16]} 45. Kd3 {[%emt 0:00:25]} Qxf3+ {[%emt 0:00:22]} 46. Kxd4 {[%emt 0:00:04]} Qe3+ {[%emt 0:00:07]} 47. Qxe3 {[%emt 0:00:06]} fxe3 {[%emt 0:00:02]} 48. Kxe3 {[%emt 0:00:01]} Rc3+ {[%emt 0:00:02]} 49. Kd4 {[%emt 0:00:01]} Rxb3 {[%emt 0:00:02]} 50. Kc4 {[%emt 0:00:03]} Rxa3 {[%emt 0:00:03]} 51. Kb5 {[%emt 0:00:01]} Rxh3 {[%emt 0:00:03]} 52. Kxa5 {[%emt 0:00:01]} Rb3 {[%emt 0:00:03]} 53. Ka4 {[%emt 0:00:01]} Rb8 {[%emt 0:00:02]} 54. Ka5 {[%emt 0:00:01]} Kf7 {[%emt 0:00:01]} 55. Ka6 {[%emt 0:00:01]} Ke7 {[%emt 0:00:01]} 56. Ka7 {[%emt 0:00:01]} Rb1 {[%emt 0:00:02]} 57. Ka6 {[%emt 0:00:01]} Kd6 {[%emt 0:00:02]} 0-1

[Event "Kupreichik Memorial Open 2018"]
[Site "Minsk"]
[Date "2018.06.22"]
[Round "5"]
[White "Yagutian, Mariya"]
[Black "Mialik, Uladzislau"]
[Result "1-0"]
[WhiteElo "1506"]
[BlackElo "1768"]
[Annotator "NA"]
[PlyCount "157"]
[EventDate "2018.06.21"]
[EventCountry "BLR"]
[SourceTitle "playchess.com"]
[Source "ChessBase"]
[SourceQuality "1"]
[TimeControl "900+10"]

1. d4 {[%emt 0:00:00]} g6 {[%emt 0:00:12]} 2. Nf3 {[%emt 0:00:00]} Bg7 {[%emt 0:00:02]} 3. e4 {[%emt 0:00:07]} d6 {[%emt 0:00:03]} 4. Nc3 {[%emt 0:00:05]} Nf6 {[%emt 0:00:03]} 5. Be3 {[%emt 0:00:10]} O-O {[%emt 0:00:42]} 6. Qd2 {[%emt 0:00:10]} Ng4 {[%emt 0:01:44]} 7. Bf4 {[%emt 0:02:45]} e5 {[%emt 0:00:24]} 8. Bg5 {[%emt 0:02:30]} Qd7 {[%emt 0:04:37]} 9. Nd5 {[%emt 0:03:11]} f6 {[%emt 0:03:23]} 10. Bc4 {[%emt 0:03:10]} Kh8 {[%emt 0:00:04]} 11. Bh4 {[%emt 0:01:07]} c6 {[%emt 0:00:21]} 12. Nc3 {[%emt 0:01:03]} Qe8 {[%emt 0:00:52]} 13. h3 {[%emt 0:00:59]} Nh6 {[%emt 0:00:05]} 14. d5 {[%emt 0:00:32]} c5 {[%emt 0:01:53]} 15. Nb5 {[%emt 0:00:02]} Qd8 {[%emt 0:00:32]} 16. b4 {[%emt 0:00:53]} a6 {[%emt 0:00:22]} 17. Na3 {[%emt 0:00:14]} b5 {[%emt 0:00:15]} 18. Be2 {[%emt 0:00:12]} c4 {[%emt 0:00:23]} 19. Nb1 {[%emt 0:00:05]} Nf7 {[%emt 0:00:07]} 20. a4 {[%emt 0:00:06]} Bb7 {[%emt 0:00:19]} 21. Nc3 {[%emt 0:00:15]} Qd7 {[%emt 0:01:12]} 22. Qe3 {[%emt 0:00:17]} f5 {[%emt 0:00:32]} 23. exf5 {[%emt 0:00:24]} gxf5 {[%emt 0:00:03]} 24. Qb6 {[%emt 0:00:07]} e4 {[%emt 0:00:31]} 25. Nd4 {[%emt 0:00:01]} bxa4 {[%emt 0:00:12]} 26. Bxc4 {[%emt 0:00:20]} Ne5 {[%emt 0:00:01]} 27. Be2 {[%emt 0:00:07]} Rc8 {[%emt 0:00:08]} 28. Nxa4 {[%emt 0:00:17]} Ng6 {[%emt 0:00:07]} 29. Bg3 {[%emt 0:00:07]} f4 {[%emt 0:00:00]} 30. Bh2 {[%emt 0:00:05]} a5 {[%emt 0:00:45]} 31. bxa5 {[%emt 0:00:15]} Bxd5 {[%emt 0:00:07]} 32. Rd1 {[%emt 0:00:08]} Qxa4 {[%emt 0:00:08]} 33. O-O {[%emt 0:00:16]} Qxa5 {[%emt 0:00:15]} 34. Qxd6 {[%emt 0:00:11]} Qd8 {[%emt 0:00:07]} 35. Qxd8+ {[%emt 0:00:10]} Rxd8 {[%emt 0:00:01]} 36. Ne6 {[%emt 0:00:06]} Rd7 {[%emt 0:00:25]} 37. Nc5 {[%emt 0:00:02]} Rd8 {[%emt 0:00:05]} 38. Bc4 {[%emt 0:00:06]} Ne7 {[%emt 0:00:09]} 39. Ne6 {[%emt 0:00:09]} Rd7 {[%emt 0:00:11]} 40. Nc5 {[%emt 0:00:03]} Rd8 {[%emt 0:00:01]} 41. Nxe4 {[%emt 0:00:14]} Nbc6 {[%emt 0:00:09]} 42. Bxd5 {[%emt 0:00:02]} Nxd5 {[%emt 0:00:09]} 43. c4 {[%emt 0:00:06]} Nb6 {[%emt 0:00:08]} 44. Rd6 {[%emt 0:00:23]} Rxd6 {[%emt 0:00:12]} 45. Nxd6 {[%emt 0:00:01]} Ne5 {[%emt 0:00:18]} 46. c5 {[%emt 0:00:10]} Nbd7 {[%emt 0:00:08]} 47. Bxf4 {[%emt 0:00:13]} Rc8 {[%emt 0:00:11]} 48. Nxc8 {[%emt 0:00:13]} Nxc5 {[%emt 0:00:03]} 49. Bxe5 Bxe5 {[%emt 0:00:01]} 50. Re1 {[%emt 0:00:13]} Bf6 {[%emt 0:00:03]} 51. Nd6 {[%emt 0:00:18]} Nd7 {[%emt 0:00:11]} 52. Nf5 {[%emt 0:00:17]} h5 {[%emt 0:00:06]} 53. Rd1 {[%emt 0:00:13]} Ne5 {[%emt 0:00:07]} 54. Rd6 {[%emt 0:00:04]} Bg5 {[%emt 0:00:12]} 55. Rd5 {[%emt 0:00:18]} Nf7 {[%emt 0:00:04]} 56. Nd6 {[%emt 0:00:06]} Nxd6 57. Rxd6 {[%emt 0:00:02]} Kh7 {[%emt 0:00:15]} 58. Rd5 {[%emt 0:00:01]} Kg6 {[%emt 0:00:03]} 59. g3 {[%emt 0:00:03]} Bf6 {[%emt 0:00:01]} 60. Rd6 {[%emt 0:00:04]} Kg5 {[%emt 0:00:03]} 61. Kg2 {[%emt 0:00:08]} Kf5 {[%emt 0:00:02]} 62. Kf3 {[%emt 0:00:04]} Kg5 {[%emt 0:00:03]} 63. Ke4 {[%emt 0:00:08]} Kg6 {[%emt 0:00:10]} 64. f4 {[%emt 0:00:16]} Kg7 {[%emt 0:00:01]} 65. g4 {[%emt 0:00:06]} hxg4 {[%emt 0:00:01]} 66. hxg4 {[%emt 0:00:01]} Bb2 {[%emt 0:00:02]} 67. g5 {[%emt 0:00:04]} Ba3 {[%emt 0:00:02]} 68. Rd7+ {[%emt 0:00:01]} Kg6 {[%emt 0:00:02]} 69. Ra7 {[%emt 0:00:04]} Bb2 {[%emt 0:00:04]} 70. Ra2 {[%emt 0:00:04]} Bc3 {[%emt 0:00:02]} 71. Rg2 {[%emt 0:00:03]} Bb4 {[%emt 0:00:04]} 72. f5+ {[%emt 0:00:02]} Kg7 {[%emt 0:00:01]} 73. Kd5 {[%emt 0:00:18]} Kf7 {[%emt 0:00:10]} 74. g6+ {[%emt 0:00:06]} Kg7 {[%emt 0:00:01]} 75. Ke6 {[%emt 0:00:15]} Bc3 {[%emt 0:00:01]} 76. Rc2 {[%emt 0:00:08]} Bd4 {[%emt 0:00:02]} 77. Rc7+ {[%emt 0:00:02]} Kg8 {[%emt 0:00:03]} 78. f6 {[%emt 0:00:06]} Kh8 {[%emt 0:00:02]} 79. Rc8# 1-0

[Event "Kupreichik Memorial Open 2018"]
[Site "Minsk"]
[Date "2018.06.22"]
[Round "6"]
[White "Andreikin, Dmitry"]
[Black "Korobov, Anton"]
[Result "1-0"]
[WhiteElo "2733"]
[BlackElo "2736"]
[Annotator "TA"]
[PlyCount "77"]
[EventDate "2018.06.21"]
[EventCountry "BLR"]
[SourceTitle "playchess.com"]
[Source "ChessBase"]
[SourceQuality "1"]

{[%evp 9,77,16,18,15,17,15,32,24,24,30,34,24,30,24,37,24,28,28,28,27,33,28,20,20,22,20,33,37,38,28,43,34,45,39,107,95,97,98,218,204,215,217,202,205,200,196,193,171,330,310,327,322,339,339,440,424,544,538,541,541,668,541,532,533,639,618,644,630,770,740]} 1. e4 c5 2. Nf3 d6 3. d4 cxd4 4. Qxd4 Nf6 5. Be2 (5. Bb5+ Bd7 6. c4 Nc6 7. Qd3 g6 8. O-O Bg7 9. Nc3 O-O 10. h3 Rc8 11. Be3 a6 12. Bxc6 Bxc6 {½-½ (26) Karjakin,S (2760)-Nepomniachtchi,I (2729) Riadh 2017}) 5... Nc6 6. Qe3 {B53: Sicilian: 2...d6: Lines with Qxd4} Bg4 $146 ({Predecessor:} 6... g6 7. h3 Bg7 8. O-O O-O 9. Rd1 Nd7 10. Nc3 a6 11. Qg5 Nde5 12. Nxe5 Bxe5 {1-0 (43) Mazi,L (2345)-Wallner,J (2313) Traun 2017}) 7. O-O e6 8. Rd1 {White is slightly better.} Be7 9. c4 Qc7 10. Nc3 a6 11. b3 O-O 12. Bb2 Ne5 13. Rac1 Bxf3 14. Bxf3 Qc5 15. Qe2 Rac8 16. g3 Nxf3+ 17. Qxf3 Qc6 18. Qe2 Rfe8 19. Rd2 h5 20. Rcd1 h4 21. gxh4 b5 (21... Red8 $14) 22. cxb5 $16 axb5 23. Nxb5 {Bxf6 is the strong threat.} Nxe4 (23... Qxe4 $16 24. Bxf6 Qxe2 25. Rxe2 Bxf6) 24. Na7 $18 Qa8 25. Nxc8 $40 {[%mdl 128] White goes for the king.} Rxc8 26. Qg4 {[%csl Gb2][%cal Rg4g7]} e5 {[#]} 27. Re2 $1 {[%cal Re2e4]} Nf6 28. Qg2 Qa6 $2 {[#]} (28... Qxa2 29. Qb7 Qa8 30. Qxa8 (30. Qxe7 Qf3 $11) 30... Rxa8) 29. f4 $1 Nh5 {[#]} (29... exf4 30. Rxe7) 30. Rf1 $1 Qa7+ 31. Kh1 exf4 32. Qg4 {White is clearly winning.} Rc5 33. Bd4 Qb7+ 34. Qg2 Rb5 35. Qxb7 Rxb7 36. a4 {[%cal Ba2a4,Ba4a5][%mdl 32]} Bf6 37. Bxf6 Nxf6 38. a5 Rxb3 39. Ra2 {Precision: White = 84%, Black = 47%.} 1-0

[Event "Kupreichik Memorial Open 2018"]
[Site "Minsk"]
[Date "2018.06.22"]
[Round "6"]
[White "Kovalev, Vladislav"]
[Black "Zarubitski, Viachaslau"]
[Result "1-0"]
[WhiteElo "2631"]
[BlackElo "2265"]
[Annotator "TA"]
[PlyCount "79"]
[EventDate "2018.06.21"]
[EventCountry "BLR"]
[SourceTitle "playchess.com"]
[Source "ChessBase"]
[SourceQuality "1"]

{[%evp 10,79,25,2,7,7,28,41,41,27,35,45,56,51,65,44,104,99,170,164,165,152,261,257,241,230,314,300,457,183,222,132,137,139,132,134,138,97,150,143,145,145,144,140,154,122,146,141,168,164,181,166,234,234,242,234,233,230,454,402,572,564,972,514,760,611,748,701,29985,29986,29982,29983]} 1. e4 e5 2. Nf3 Nf6 3. Nc3 Nc6 4. Bb5 Nd4 5. Bc4 d6 6. h3 {LiveBook: 6 Games. C48: Four Knights: 4 Bb5, replies other than 4...Bb4} (6. Nxd4 exd4 7. Nd5 Nxd5 8. Bxd5 c6 9. Bb3 g6 10. O-O Bg7 11. d3 O-O 12. f4 a5 13. a4 Be6 14. Bxe6 fxe6 {½-½ (70) Naiditsch,A (2687)-Bu,X (2705) Doha 2016}) 6... Be7 7. d3 c6 8. Nxd4 {White has an edge.} exd4 9. Ne2 d5 $146 ({Predecessor:} 9... Qb6 10. O-O O-O 11. Bb3 a5 12. a4 Be6 13. Bxe6 fxe6 {1-0 (40) Purtov,K (1896)-Katkov,V (2108) Voronezh 2010}) 10. exd5 c5 11. c3 Nxd5 12. cxd4 cxd4 (12... O-O $14) 13. Qb3 $36 {[%mdl 2048] Keeping Black busy.} ({Don't play} 13. Nxd4 $6 Nb6 $11) 13... Qa5+ (13... Be6 $16) 14. Bd2 Bb4 {[#]} 15. O-O-O $1 ({Resist} 15. Bxd5 $6 Bxd2+ 16. Kf1 O-O $14) 15... Qc5 (15... Bxd2+ $16 16. Rxd2 Be6) 16. Kb1 $18 Bxd2 17. Bxd5 ({Don't do} 17. Rxd2 $6 Be6 $16) 17... Ba5 18. Bxf7+ Ke7 (18... Kf8 {might work better.} 19. Rc1 Qe7 20. Nxd4 Qxf7) 19. Ng3 (19. Bg8 $142 Qe5 20. Qf7+ Kd8 21. f4) 19... Rf8 20. Ne4 ({White should play} 20. Bd5 $18) 20... Qb4 21. Qxb4+ Bxb4 22. Bd5 Bf5 23. a3 Bxe4 ({Black should try} 23... Rad8) 24. Bxe4 Bd6 25. Rd2 h6 26. Re1 Kd7 27. Rc2 Rae8 28. Ree2 Rb8 29. Rc4 Be5 30. Rc5 Bf6 (30... Bd6 {keeps fighting.} 31. Rc4 Be5) 31. Rd5+ Ke6 32. Bf3+ Kf7 33. Rd7+ Kg6 $2 {[#]} (33... Kg8 34. Bd5+ Kh8 35. Bxb7 a5) 34. Bxb7 a5 (34... Kh7 $142 35. Be4+ Kg8 36. Rxa7 Bd8) 35. Be4+ Kg5 36. g3 h5 37. f4+ Kh6 38. g4 hxg4 39. hxg4 Bh4 40. Rd6+ {Precision: White = 65%, Black = 31%.} 1-0

[Event "Kupreichik Memorial Open 2018"]
[Site "Minsk"]
[Date "2018.06.22"]
[Round "6"]
[White "Aleksandrov, Aleksej"]
[Black "Nikitenko, Mihail"]
[Result "1/2-1/2"]
[WhiteElo "2597"]
[BlackElo "2401"]
[Annotator "TA"]
[PlyCount "109"]
[EventDate "2018.06.21"]
[EventCountry "BLR"]
[SourceTitle "playchess.com"]
[Source "ChessBase"]
[SourceQuality "1"]

{[%evp 18,109,11,11,12,22,29,-4,0,0,0,-31,11,11,19,15,14,5,11,23,23,0,40,31,22,0,14,12,19,18,21,0,0,0,0,0,0,0,21,0,0,0,54,54,66,0,242,68,69,76,69,73,70,70,74,50,56,43,64,37,43,0,0,0,0,0,0,0,0,0,0,0,0,0,0,0,0,-8,-8,-8,-8,-25,0,-8,-8,-8,-8,-8,0,0,0,0,0,0]} 1. d4 d5 2. c4 c6 3. Nc3 Nf6 4. e3 e6 5. Nf3 Nbd7 6. Bd3 dxc4 7. Bxc4 b5 8. Be2 Bd6 9. O-O O-O 10. a3 {LiveBook: 4 Games} Bb7 {D47: Semi-Slav: Meran System} 11. e4 {[#] And now e5 would win.} e5 $1 12. h3 $146 ({Predecessor:} 12. Bg5 Re8 13. Kh1 a6 14. b4 Qc7 15. dxe5 Bxe5 16. Nxe5 Qxe5 17. Be3 c5 18. Rc1 {½-½ (29) Ilincic,Z (2542)-Nguyen Huynh Minh,H (2452) Budapest 2008}) 12... a5 13. Bg5 h6 14. Bh4 b4 15. axb4 axb4 {[#] Strongly threatening ...Rxa1.} 16. Rxa8 Bxa8 17. Na4 exd4 18. Qxd4 Bb8 19. Rd1 Qa5 20. Bxf6 (20. e5 $5 Ba7 21. Qd6 $11) 20... Nxf6 21. b3 Ba7 22. Qc4 Rd8 23. Rxd8+ Qxd8 24. Qxb4 c5 $1 {[%cal Rc5b4]} 25. Nxc5 Qc7 26. Nd3 Nxe4 27. Qc4 Qd8 28. Nfe5 Bd5 29. Qa4 $36 {[%mdl 2048] White has good play.} Bb6 (29... Qc7 $11) 30. Bf3 $1 $14 {[%cal Rf3e4]} Nc3 31. Qd7 ({White should try} 31. Qa6 $14) 31... Bxf3 $2 (31... Bxb3 $11 32. Nc5 Qxd7 33. Nexd7 Bxc5 34. Nxc5 Bc4) 32. Qxd8+ $2 ({Stronger than} 32. gxf3 Qxd7 33. Nxd7 Bc7 $11) (32. Qxf7+ $18 Kh7 33. Qg6+ (33. gxf3 Qf6 $18) 33... Kg8 34. Nxf3) 32... Bxd8 33. Nxf3 $11 {[%mdl 4096] Endgame KBN-KNN} Kf8 34. Kf1 Ke7 35. Nd4 Bb6 36. Nc6+ Ke6 37. Ke1 Kd5 38. Nce5 Kd4 {Hoping for ...Bc7.} 39. Kd2 Ne4+ 40. Ke2 Nc3+ 41. Kd2 $1 Ne4+ 42. Kc2 Nxf2 $1 43. Nf3+ Kd5 44. Nxf2 Bxf2 {KB-KN} 45. Kd3 Bc5 46. Nd2 f5 47. Nb1 g5 48. Nc3+ Ke5 49. Ke2 Kd4 50. Nd1 {The position is equal.} h5 51. Ne3 Ke4 52. Nc2 f4 53. b4 Ba7 54. b5 g4 55. hxg4 {Precision: White = 48%, Black = 56%.} 1/2-1/2